000 00618nam a2200181 i 4500
001 82552
003 ES-MaACL
005 20230906174708.0
007 t|
008 041111s1973 sp ||||1| spa d
100 1 _aImberdis, Pierre.
_965208
245 1 0 _aPuntos de vista de los jóvenes
_b: educación de los adolescentes en la fé /
_cPierre Imberdis ; [versión y adaptación dirigida por José Manuel Estepa Llaurens].
250 _a[4ª ed.].
260 _aMadrid :
_bMarova,
_c[1973]
300 _a104 p. ;
_c21 cm.
700 1 _aEstepa Llaurens, José Manuel.
_948112
852 _aES-MaACL
_jC-49755
_bR.84914
999 _c82552
_d82552